Introductory programming with object-oriented C++ : an IS perspective /
Software development: the organizational process. Software development: the programming process. The role of binary. Introducing the object-oriented paradigm. Anatomy of a C++ program. Variables. Declaring member functions. Writing and using member functions...
Wedi'i Gadw mewn:
| Prif Awdur: | |
|---|---|
| Fformat: | Llyfr |
| Iaith: | English |
| Cyhoeddwyd: |
New York :
John Wiley and Sons,
1997.
|
| Pynciau: | |
| Tagiau: |
Ychwanegu Tag
Dim Tagiau, Byddwch y cyntaf i dagio'r cofnod hwn!
|
| Thư viện lưu trữ: | Mạng thư viện Đại học Đà Nẵng |
|---|
| LEADER | 01280cam a2200361 i 4500 | ||
|---|---|---|---|
| 001 | 000048804 | ||
| 003 | 8530 | ||
| 005 | 20030324153101.0 | ||
| 008 | 010322|1997 vm 000 eng | ||
| 020 | |a 0471163716 | ||
| 040 | |a IRC |c IRC |d IRC | ||
| 041 | 0 | |a eng | |
| 082 | 1 | 4 | |a 005.133 |b HA-J |
| 100 | 1 | |a Harrington, Jan L. | |
| 245 | 0 | 0 | |a Introductory programming with object-oriented C++ : |b an IS perspective / |c Jan L. Harrington. |
| 260 | |a New York : |b John Wiley and Sons, |c 1997. | ||
| 300 | |a 509 p. : |b col. ill. ; |c 23.5cm. | ||
| 520 | 3 | |a Software development: the organizational process. Software development: the programming process. The role of binary. Introducing the object-oriented paradigm. Anatomy of a C++ program. Variables. Declaring member functions. Writing and using member functions... | |
| 630 | 0 | 4 | |a Computer science. |
| 630 | 0 | 4 | |a Computer program language. |
| 630 | 0 | 4 | |a Object-oriented programming. |
| 650 | 0 | 4 | |a Object-oriented programming (Computer science) |
| 650 | 0 | 4 | |a C (Computer program language) |
| OWN | |a DUT | ||
| 999 | |a From the UDN01 | ||
| TYP | |a Monograph | ||
| TYP | |a Printed language | ||
| 980 | |a Mạng thư viện Đại học Đà Nẵng | ||


